Počítač [snadno a rychle]

Bibliographic Details
Main Author: Meredith, Susan (Author)
Other Authors: Pearson, Maria (Illustrator), Kafková, Viktorie (Translator), Howard, Allman (Photographer)
Format: Book
Language:Czech
English
Published: Bratislava Príroda 2000
Series:Praktické příručky
Jak na to
Subjects:

MARC

LEADER 00000cam a2200000 a 4500
001 vtls001408690
003 SK-MaSNL
005 20260301120257.0
008 251111s2000 xo a r 00000 cze
015 |a SNBA2002/02-00569 
020 |a 8007011684 
035 |a SNK000363364 
035 |a urn:nbn:sk:snk-amlrjs 
035 |a urn:nbn:sk:snk-am00c90t 
035 |a 89C5CEA0-F31A-43C0-9221-FB44180F6524 
040 |a SNK  |b slo  |c SNK  |e AACR2 
041 1 |a cze  |h eng 
044 |a xo  |c SK 
080 |a 681.32-053.2(035)=850  |2 1981 
100 1 |a Meredith, Susan  |4 aut  |9 278225 
240 1 0 |a Starting computers  |l Česky 
245 1 0 |a Počítač  |b [snadno a rychle]  |c Susan Meredithová ; grafická úprava a ilustrace Maria Pearsonová ; [překlad: Viktorie Kafková] 
260 |a Bratislava  |b Príroda  |c 2000 
300 |a 48 s.  |b fareb. fotogr. a ilustr.  |c 26 cm 
490 1 |a Jak na to 
490 1 |a Praktické příručky 
500 |a Fotogr. Howard Allman 
504 |a Obsahuje register 
650 0 7 |a osobné počítače  |2 SNKPH  |9 960 
650 0 7 |a deti  |2 SNKPH  |9 773 
655 7 |a príručky  |2 SNKPH  |9 74364 
700 1 |a Pearson, Maria  |4 ill  |4 ill  |9 311155 
700 1 |a Kafková, Viktorie  |4 trl  |9 462559 
700 1 |a Howard, Allman  |4 pht  |9 462560 
830 0 |a Praktické příručky  |9 296340 
830 0 |a Jak na to  |9 298866 
852 |a Slovenská národná knižnica 
919 |a 80-07-01168-4 
958 |a TL 
958 |a OP 
958 |a CZ 
958 |a BQ 
999 |c 725322  |d 727252 
952 |t P60, <03>, [BOOK], {603}  |a SNK  |b SNK  |y PREZ  |7 0  |p 17A0292365  |o snkSB 63103  |i snkKSP 3438/2001  |0 0  |1 0  |4 0  |d 2001-03-05  |f 1  |l 0  |r 2025-04-15 00:00:00  |w 2026-02-23 
952 |t P60, <04>, [BOOK], {604}  |a SNK  |b SNK  |y VYP  |7 0  |p 17A0292366  |o snkSB 63103 D1  |i snkKSP 3439/2001  |0 0  |1 0  |4 0  |d 2001-03-05  |l 0  |r 2005-01-02 00:00:00  |w 2026-02-23